Statistics for Which flag is that? quiz 2

Click here to take the quiz!

General Stats

  • This quiz has been taken 29 times
  • The average score is 9 of 12

Answer Stats

QuestionAnswer% Correct
Ghana
92%
Liberia
92%
Thailand
85%
Belize
81%
El Salvador
81%
Colombia
81%
New Zealand
77%
Barbados
73%
Saint Lucia
73%
D R Congo (Democratic Republic of the Congo)
65%
Burkina Faso
62%
(The) Gambia
62%

Score Distribution

Percentile by Number Answered

Percent of People with Each Score

Your Score History

You have not taken this quiz